LEADER 01253nam a2200289 i 4500 001 991000224319707536 005 20020527110911.0 008 010810s1972 it 00| 0 ita d 035 $ab10047736-39ule_inst 035 $aPARLA217723$9ExL 040 $aDip.to Filosofia$bita 082 0 $a372 100 1 $aSaraceno, Chiara$0437846 245 10$aDall'educazione antiautoritaria all'educazione socialista :$besperienza e teoria delle comuni infantili /$c[a cura] di Chiara Saraceno 260 $aBari :$bDe Donato,$c1972 300 $a340 p. ;$c21 cm 490 0 $aTemi e problemi 500 $aScritti e documenti vari 650 4$aComuni infantili 907 $a.b10047736$b17-02-17$c27-06-02 912 $a991000224319707536 945 $aLE005 MF 19 A 28$g1$iLE005A-3306$lle005$o-$pE0.00$q-$rl$s- $t0$u0$v0$w0$x0$y.i10055800$z27-06-02 945 $aLE002 Ped. I H 19$g20021$i2002000489050$lle002$o-$pE0.00$q-$rl$s- $t0$u0$v0$w0$x0$y.i10415142$z27-06-02 945 $aLE022 MP 77 E 22$g1$i2022000097024$lle022$o-$pE0.00$q-$rl$s- $t0$u0$v0$w0$x0$y.i1394728x$z24-11-04 996 $aDall'educazione antiautoritaria all'educazione socialista$9193276 997 $aUNISALENTO 998 $ale005$ale002$ale022$b01-01-01$cm$da $e-$fita$git $h0$i1